000 00354 a2200109 4500
001 ART_31281
005 20260410161840.0
008 260409a
245 1 0 _aNaturaleza jurídica de los actos emanados de los Colegios y/o Consejos Profesionales
100 1 _aEchen, Diego E.
773 0 _tRAP
_g- Año 36, Nº 422 (nov. 2013)
_wREV5941
999 _c24018
_d24018